Elementary induction on abstract structures /

Guardado en:
Autor Principal: Moschovakis, Yiannis N.
Formato: Libro
Idioma:English
Publicado: Amsterdam : New York : North-Holland ; American Elsevier, 1974.
Series:Studies in logic and the foundations of mathematics ; v. 77
Materias:
Etiquetas: Agregar Etiqueta
Sin Etiquetas, Sea el primero en etiquetar este registro!
LEADER 00841nam a2200241 a 4500
001 MAT.inmabb003933
008 741104s1974####ne#######b####001#0#eng##
005 20160526171145.0
245 1 0 |a Elementary induction on abstract structures /  |c Yiannis N. Moschovakis. 
260 |a Amsterdam :  |b North-Holland ;  |a New York :  |b American Elsevier,  |c 1974. 
300 |a x, 218 p. ;  |c 24 cm. 
440 0 |a Studies in logic and the foundations of mathematics ;  |v v. 77 
504 |a Bibliografía: p. 209-212. 
510 4 |a MR,  |c 53 #2661 
020 |a 0720422809 (North-Holland) 
020 |a 0444105379 (American Elsevier) 
100 1 |a Moschovakis, Yiannis N. 
650 0 |a Recursive functions. 
650 0 |a Induction (Mathematics) 
084 |a 03E15  |2 msc2000 
010 |a  73079100  
040 |a DLC  |c DLC  |d DLC 
859 |h 03  |i M896  |p A-4103  |b BIB. MATEMATICA